[Event "DRUZYNOWE MISTRZOSTWA POLSKI 2014 - SYGNITY EKSTRALIGA"]
[Site "Gorzow Wlkp, Wroclaw, Katowice"]
[Date "2014-00-00"]
[Round "3.16"]
[White "Kanarek, Marcel"]
[Black "Jaracz, Pawel"]
[Result "1/2-1/2"]
[WhiteTitle "IM"]
[BlackTitle "GM"]
[WhiteElo "2479"]
[BlackElo "2505"]

1. d4 d5 2. c4 c6 3. Nc3 Nf6 4. e3 e6 5. Nf3 a6 6. Qc2 c5 7. cxd5 exd5 8. dxc5
Bxc5 9. Be2 Nc6 10. O-O Qe7 11. b3 O-O 12. Bb2 Be6 13. Rad1 Rfd8 14. Ng5 d4 15.
Na4 Ba7 16. exd4 Nxd4 17. Bxd4 Bxd4 18. Bd3 b5 19. Nb2 h6 20. Bh7+ Kf8 21. Nxe6+
Qxe6 22. Bf5 Qb6 23. Nd3 g6 24. Bh3 Rd6 25. Rc1 Rad8 26. b4 Kg7 27. Nc5 Rd5 28.
g3 Be5 29. Rfd1 Rxd1+ 30. Rxd1 Rxd1+ 31. Qxd1 a5 32. a3 axb4 33. axb4 Bc3 34.
Qb3 Bd4 35. Qc2 Qd6 36. Bf1 Ng4 37. Nd3 h5 38. Qe2 Bc3 39. h3 Nf6 40. Nf4 Bxb4
41. Qxb5 1/2-1/2

[Event "DRUZYNOWE MISTRZOSTWA POLSKI 2014 - SYGNITY EKSTRALIGA"]
[Site "Gorzow Wlkp, Wroclaw, Katowice"]
[Date "2014-00-00"]
[Round "3.17"]
[White "Grabarczyk, Miroslaw"]
[Black "Czerwonski, Aleksander"]
[Result "1-0"]
[WhiteTitle "GM"]
[BlackTitle "IM"]
[WhiteElo "2480"]
[BlackElo "2379"]

1. d4 Nf6 2. c4 e6 3. Nf3 b6 4. g3 Ba6 5. b3 Bb4+ 6. Bd2 Be7 7. Bg2 c6 8. Bc3 d5
9. Nbd2 O-O 10. O-O c5 11. Ne5 cxd4 12. Bxd4 Bb7 13. cxd5 Bxd5 14. e4 Bb7 15.
Bb2 Nbd7 16. Nxd7 Qxd7 17. e5 Nd5 18. Ne4 Rac8 19. Qe2 Rfd8 20. Rfd1 Qe8 21. Rac1
Qf8 22. h4 Kh8 23. h5 h6 24. Qg4 Nb4 25. Rxc8 Rxd1+ 26. Qxd1 Qxc8 27. Nd6 Bxd6
28. exd6 Bxg2 29. d7 1-0

[Event "DRUZYNOWE MISTRZOSTWA POLSKI 2014 - SYGNITY EKSTRALIGA"]
[Site "Gorzow Wlkp, Wroclaw, Katowice"]
[Date "2014-00-00"]
[Round "3.18"]
[White "Wisniowska, Klaudia"]
[Black "Jaracz, Barbara"]
[Result "1/2-1/2"]
[WhiteTitle "WFM"]
[BlackTitle "WGM"]
[WhiteElo "2198"]
[BlackElo "2253"]

1. e4 e5 2. Nf3 Nc6 3. Bb5 a6 4. Ba4 Nf6 5. O-O Bc5 6. c3 b5 7. Bb3 d6 8. d4 Bb6
9. a4 Bg4 10. d5 Ne7 11. Qd3 O-O 12. Nh4 Ng6 13. Nxg6 fxg6 14. axb5 axb5 15. Rxa8
Qxa8 16. Be3 Qa7 17. Re1 Bd7 18. Bd1 Nxe4 19. Qxe4 Bf5 20. Bxb6 Qxb6 21. Qe3 Qxe3
22. fxe3 Bxb1 23. e4 Bd3 24. Bf3 Ra8 25. Kf2 Ra2 26. Ke3 Bc2 27. b4 Bb3 28. Re2
Ra1 29. Bg4 h5 30. Be6+ Kh7 31. Rf2 Re1+ 32. Re2 Rc1 33. Kd2 Rd1+ 34. Ke3 Bc4
35. Rc2 Re1+ 36. Kf2 Rxe4 37. g3 c6 38. Rd2 cxd5 39. Bxd5 Bxd5 40. Rxd5 Rc4 41.
Rxd6 Rxc3 42. Rd5 Rc2+ 1/2-1/2

[Event "DRUZYNOWE MISTRZOSTWA POLSKI 2014 - SYGNITY EKSTRALIGA"]
[Site "Gorzow Wlkp, Wroclaw, Katowice"]
[Date "2014-00-00"]
[Round "3.19"]
[White "Kolosowski, Mateusz"]
[Black "Pakleza, Zbigniew"]
[Result "1-0"]
[WhiteTitle "IM"]
[BlackTitle "IM"]
[WhiteElo "2471"]
[BlackElo "2509"]

1. d4 d5 2. c4 c6 3. Nf3 Nf6 4. e3 Bf5 5. Nc3 e6 6. Be2 h6 7. O-O Nbd7 8. b3 Bd6
9. Bb2 a6 10. Bd3 O-O 11. Bxf5 exf5 12. Qd3 g6 13. Rac1 Re8 14. g3 Qe7 15. Rc2
Rad8 16. cxd5 cxd5 17. Rfc1 Nb6 18. Ne5 Nfd7 19. Nxd7 Qxd7 20. a4 Qe6 21. a5 Nc8
22. Na4 Na7 23. Nc5 Qe7 24. b4 Nb5 25. Qb3 Bb8 26. Na4 h5 27. Nb6 h4 28. Rc5 f4
29. exf4 h3 30. Qd3 Bd6 31. Rxd5 Nc7 32. Rg5 Bxb4 33. Re5 Qd6 34. d5 Nb5 35. Qe4
Kf8 36. Rxe8+ Rxe8 37. Bg7+ Kxg7 38. Qxe8 Bxa5 39. Rc8 Kf6 40. Nd7+ Kf5 41. Rc4
1-0

[Event "DRUZYNOWE MISTRZOSTWA POLSKI 2014 - SYGNITY EKSTRALIGA"]
[Site "Gorzow Wlkp, Wroclaw, Katowice"]
[Date "2014-00-00"]
[Round "3.20"]
[White "Weichhold, Pawel"]
[Black "Kolago, Marcin"]
[Result "1/2-1/2"]
[WhiteTitle "m"]
[BlackTitle "m"]
[WhiteElo "2394"]
[BlackElo "2338"]

1. e4 d5 2. exd5 Qxd5 3. Nc3 Qa5 4. g3 Nf6 5. Bg2 c6 6. Nge2 Bf5 7. b4 Qc7 8. Rb1
a6 9. O-O e6 10. a4 Be7 11. b5 axb5 12. axb5 O-O 13. d3 Nbd7 14. h3 Nd5 15. Bd2
Bg6 16. Re1 Rfc8 17. bxc6 bxc6 18. Nf4 Bf6 19. Ncxd5 exd5 20. h4 Ne5 21. Bh3 h6
22. Nxg6 Nxg6 23. Bxc8 Qxc8 24. h5 Nf8 25. Kg2 Ra2 26. Bf4 Ra8 27. Qf3 Ne6 28.
Qg4 Bc3 29. Rh1 Ra4 30. Kh2 Bd2 31. c4 Bxf4 32. gxf4 dxc4 33. f5 Qc7+ 34. Qg3
Qxg3+ 35. Kxg3 Nd4 36. dxc4 Nxf5+ 37. Kf4 Nd6 38. Rhc1 Nxc4 39. Ra1 Rb4 40. Rcb1
Nb2+ 41. Kf5 Rb5+ 42. Ke4 Rb4+ 43. Kf3 Rb3+ 44. Ke2 Rb5 45. Ra6 Re5+ 46. Kd2 Rd5+
47. Ke2 Re5+ 48. Kf3 Nd3 49. Rxc6 Rxh5 50. Rc8+ Kh7 51. Rc7 Rh3+ 52. Kg2 Nf4+
53. Kg1 f6 54. Rbb7 Nh5 55. Rc6 Rh4 56. Rcb6 Kg6 57. Rb4 Nf4 58. f3 h5 59. R4b5
Rh3 60. Kf2 h4 61. Ra5 Ne6 62. Raa7 Kh6 63. Re7 Ng5 64. Rxg7 Rxf3+ 65. Ke2 Rf4
66. Rg8 Kh5 67. Ke3 Kg4 68. Ra1 Rf3+ 69. Ke2 h3 70. Rh8 Kf4 71. Rh6 Kg4 72. Rg1+
Rg3 73. Rxg3+ Kxg3 74. Rxf6 h2 75. Rf1 Nh3 76. Rh1 Ng1+ 77. Kf1 Nf3 78. Rxh2 Nxh2+
1/2-1/2

[Event "DRUZYNOWE MISTRZOSTWA POLSKI 2014 - SYGNITY EKSTRALIGA"]
[Site "Gorzow Wlkp, Wroclaw, Katowice"]
[Date "2014-00-00"]
[Round "3.21"]
[White "Mulet, Piotr"]
[Black "Brodowski, Piotr"]
[Result "1-0"]
[WhiteTitle "FM"]
[BlackTitle "m"]
[WhiteElo "2227"]
[BlackElo "2428"]

1. e4 c5 2. c3 Nf6 3. e5 Nd5 4. d4 cxd4 5. Nf3 Nc6 6. Bc4 Nb6 7. Bb3 g6 8. Ng5
d5 9. exd6 e6 10. Qf3 Ne5 11. Qg3 Bg7 12. cxd4 Nc6 13. Nf3 Nxd4 14. Nxd4 Bxd4
15. Nc3 Bd7 16. Bh6 Bc6 17. O-O Qf6 18. Rad1 Be5 19. f4 Bd4+ 20. Kh1 Bxc3 21.
bxc3 Qf5 22. Qh4 f6 23. Rfe1 Nd5 24. Bxd5 Bxd5 25. Rxd5 1-0

[Event "DRUZYNOWE MISTRZOSTWA POLSKI 2014 - SYGNITY EKSTRALIGA"]
[Site "Gorzow Wlkp, Wroclaw, Katowice"]
[Date "2014-00-00"]
[Round "3.22"]
[White "Czakon, Jakub"]
[Black "Wiewiora, Eneasz"]
[Result "1-0"]
[WhiteTitle "IM"]
[BlackTitle "k"]
[WhiteElo "2472"]
[BlackElo "2218"]

1. d4 e6 2. c4 f5 3. g3 Nf6 4. Bg2 c6 5. Nh3 d5 6. O-O Bd6 7. Bf4 Be7 8. Nc3 O-O
9. Qc2 Nh5 10. Rad1 Nxf4 11. Nxf4 Kh8 12. e3 Bd6 13. Nce2 g5 14. Nd3 Nd7 15. f3
Nf6 16. e4 fxe4 17. fxe4 Ng4 18. Qc1 dxc4 19. Nf2 Nxf2 20. Rxf2 Rxf2 21. Kxf2
e5 22. Kg1 Bg4 23. dxe5 Qb6+ 24. Kh1 Be7 25. Re1 Qf2 26. Ng1 Rf8 27. Rf1 Qc5 28.
Rxf8+ Bxf8 29. Qxg5 Bc8 30. Qd8 Bg4 31. Bf3 Bxf3+ 32. Nxf3 Qe7 33. Qb8 Qf7 34.
Kg2 c3 35. e6 Qg7 36. bxc3 Kg8 37. Ne5 Qh6 38. e7 Qd2+ 39. Kf3 Qd1+ 40. Kf4 Qd2+
41. Kf5 1-0

[Event "DRUZYNOWE MISTRZOSTWA POLSKI 2014 - SYGNITY EKSTRALIGA"]
[Site "Gorzow Wlkp, Wroclaw, Katowice"]
[Date "2014-00-00"]
[Round "3.23"]
[White "Milanowski, Jan"]
[Black "Jedynak, Radoslaw"]
[Result "0-1"]
[WhiteTitle "I++"]
[BlackTitle "GM"]
[WhiteElo "1952"]
[BlackElo "2453"]

1. d4 Nf6 2. Nf3 c5 3. c3 Qb6 4. e3 e6 5. Bd3 Nc6 6. Nbd2 d6 7. O-O Be7 8. h3 a6
9. Qe2 O-O 10. Rd1 Qc7 11. Nf1 d5 12. a4 b6 13. N3d2 e5 14. dxe5 Nxe5 15. Bc2
Bb7 16. Ng3 Rfe8 17. e4 Bf8 18. exd5 Nxd5 19. Qh5 Ng6 20. Nde4 Re5 21. Nf5 Rae8
22. f3 h6 23. c4 Ndf4 24. Bxf4 Nxf4 25. Qg4 Ng6 26. Ned6 R8e6 27. Nxb7 Qxb7 28.
Be4 Qc7 29. Qg3 Ne7 30. Ne3 Qc8 31. Rd3 Nc6 32. Bxc6 Qxc6 33. Ng4 Re2 34. b3 g6
35. Rad1 Bg7 36. Rd8+ Kh7 37. Qf4 Re1+ 38. Rxe1 Rxe1+ 39. Kh2 f5 40. Rd6 Qc7 41.
Rc6 0-1

[Event "DRUZYNOWE MISTRZOSTWA POLSKI 2014 - SYGNITY EKSTRALIGA"]
[Site "Gorzow Wlkp, Wroclaw, Katowice"]
[Date "2014-00-00"]
[Round "3.24"]
[White "Lach, Aleksandra"]
[Black "Mareckova, Martina"]
[Result "1-0"]
[WhiteTitle "WFM"]
[BlackTitle "WFM"]
[WhiteElo "2208"]
[BlackElo "2097"]

1. d4 Nf6 2. c4 g6 3. Nc3 Bg7 4. Nf3 O-O 5. Bf4 c5 6. e3 cxd4 7. exd4 d6 8. h3
Nbd7 9. Be2 b6 10. O-O Bb7 11. d5 Rc8 12. Rc1 a6 13. Be3 Qc7 14. Nd4 Rfe8 15.
Qd2 Nc5 16. b4 Nfe4 17. Nxe4 Nxe4 18. Qd3 Nf6 19. Rfd1 Nd7 20. f4 Nf8 21. Bg4
Rb8 22. Nb3 f5 23. Be2 e5 24. c5 bxc5 25. bxc5 dxc5 26. Nxc5 exf4 27. Ne6 Qd7
28. Rc7 Qxd5 29. Qxd5 Bxd5 30. Rxg7+ Kh8 31. Bxf4 Nxe6 32. Bxb8 Nxg7 33. Rxd5
Rxb8 34. Bxa6 Ne6 35. Rd2 Kg7 36. a4 Nc5 37. Bb5 Ra8 38. Rd4 Kf6 39. Rc4 Nb3 40.
Rc7 h6 41. Rc6+ Kg7 42. Kf2 Rd8 43. Ke3 g5 44. g3 Rd1 45. Rc3 Na5 46. Rc7+ Kf6
47. Ra7 Nb3 48. Bc4 Nc5 49. a5 f4+ 50. gxf4 gxf4+ 51. Kf3 Ra1 52. a6 Ra3+ 53.
Kg4 Ke5 54. Be2 Rg3+ 55. Kh4 Rg6 56. Re7+ Kd6 57. a7 Rg8 58. Rg7 Rxg7 59. a8=Q
Ne6 60. Bg4 Rg6 61. Qa3+ Nc5 62. Qb4 Rg5 63. Qxf4+ Kd5 64. Qf7+ 1-0

[Event "DRUZYNOWE MISTRZOSTWA POLSKI 2014 - SYGNITY EKSTRALIGA"]
[Site "Gorzow Wlkp, Wroclaw, Katowice"]
[Date "2014-00-00"]
[Round "3.25"]
[White "Leniart, Arkadiusz"]
[Black "Swiercz, Dariusz"]
[Result "0-1"]
[WhiteTitle "IM"]
[BlackTitle "GM"]
[WhiteElo "2481"]
[BlackElo "2614"]

1. e4 c5 2. Nf3 d6 3. d4 cxd4 4. Nxd4 Nf6 5. Nc3 a6 6. g3 e5 7. Nde2 Be7 8. Bg2
O-O 9. O-O Nbd7 10. h3 b5 11. Nd5 Nxd5 12. exd5 a5 13. Be3 Ba6 14. Qd2 b4 15.
a3 Qb8 16. Rfb1 Rc8 17. Nc1 Nb6 18. b3 bxa3 19. Qxa5 Bd3 20. Qxa8 Nxa8 21. Nxd3
Rxc2 22. Rxa3 Nc7 23. Ra4 Rc3 24. Nb4 Bf8 25. Bd2 Rc5 26. Be3 Rb5 27. Nc6 Rxb3
28. Nxb8 Rxb1+ 29. Bf1 Rxb8 30. Bc4 Ne8 31. g4 Be7 32. Ra7 Kf8 33. Kg2 h6 34.
Ba6 Bg5 35. Bxg5 hxg5 36. Bb7 Nf6 37. f3 Nd7 38. Kg3 Nc5 39. Bc6 e4 40. h4 gxh4+
41. Kxh4 exf3 42. Kg3 Nd3 43. Kxf3 Ne5+ 44. Ke2 Nxg4 45. Rd7 Ne5 0-1

[Event "DRUZYNOWE MISTRZOSTWA POLSKI 2014 - SYGNITY EKSTRALIGA"]
[Site "Gorzow Wlkp, Wroclaw, Katowice"]
[Date "2014-00-00"]
[Round "3.26"]
[White "Bartel, Mateusz"]
[Black "Kuzmicz, Krystian"]
[Result "1/2-1/2"]
[WhiteTitle "GM"]
[BlackTitle "IM"]
[WhiteElo "2652"]
[BlackElo "2457"]

1. e4 g6 2. d4 Bg7 3. Nf3 d6 4. Bc4 c6 5. Bb3 Nf6 6. Qe2 e5 7. dxe5 dxe5 8. Nbd2
Qc7 9. Nc4 Nbd7 10. Bd2 b5 11. Ba5 Qb8 12. Ncd2 O-O 13. O-O Nc5 14. a4 bxa4 15.
Bc4 Bg4 16. Rfb1 Nfd7 17. Qe3 Bf6 18. Ne1 Be6 19. Nd3 Be7 20. Bb4 Bxc4 21. Nxc4
Qb5 22. Bxc5 Bxc5 23. Nxc5 Nxc5 24. Nxe5 Rae8 25. Nd3 Nxe4 26. Qxa7 Ra8 27. Qe3
Rfe8 28. Qf4 a3 29. h4 Qc4 30. bxa3 Qxc2 31. Nb4 Qd2 32. Qxd2 Nxd2 33. Rd1 Nc4
34. Nxc6 Rxa3 35. Rac1 Nb6 36. Rd6 Ra4 37. h5 Rc4 38. Rxc4 Nxc4 39. Rd4 Re1+ 40.
Kh2 Ne5 41. Nxe5 Rxe5 1/2-1/2

[Event "DRUZYNOWE MISTRZOSTWA POLSKI 2014 - SYGNITY EKSTRALIGA"]
[Site "Gorzow Wlkp, Wroclaw, Katowice"]
[Date "2014-00-00"]
[Round "3.27"]
[White "Strzemiecki, Zbigniew"]
[Black "Mastrovasilis, Dimitrios"]
[Result "0-1"]
[WhiteTitle "IM"]
[BlackTitle "GM"]
[WhiteElo "2383"]
[BlackElo "2605"]

1. e4 c5 2. Nf3 e6 3. d4 cxd4 4. Nxd4 Nc6 5. Nc3 Qc7 6. Be3 a6 7. Bd3 Nf6 8. Nxc6
bxc6 9. f4 Rb8 10. Rb1 d5 11. O-O c5 12. e5 Nd7 13. Bf2 g6 14. b3 Bg7 15. Qe2
Qc6 16. Rbe1 O-O 17. Nd1 a5 18. Bh4 Rb4 19. a3 Rb6 20. Nc3 Ba6 21. Bxa6 Rxa6 22.
Rf3 Rc8 23. Nb5 a4 24. c4 Rb8 25. Rb1 Bf8 26. Qc2 Rba8 27. Bf2 Nb6 28. Qe2 axb3
29. cxd5 Nxd5 30. Rbxb3 c4 31. Nd4 Qc8 32. Rb1 Rxa3 33. Rc1 Ra1 34. Qb2 Qa6 35.
Nc2 Rxc1+ 36. Qxc1 Qa2 37. Bd4 Rb8 38. Rf1 c3 39. f5 exf5 40. e6 fxe6 41. Qe1
Nf4 42. Qe5 Qxc2 43. Qxf4 Rb2 44. Qg3 Bd6 45. Qf3 Qe4 46. Qxe4 fxe4 47. Bxc3 Bc5+
48. Kh1 Rc2 49. Ba5 e3 50. h4 Ra2 51. Bc3 Rf2 0-1

[Event "DRUZYNOWE MISTRZOSTWA POLSKI 2014 - SYGNITY EKSTRALIGA"]
[Site "Gorzow Wlkp, Wroclaw, Katowice"]
[Date "2014-00-00"]
[Round "3.28"]
[White "Moranda, Wojciech"]
[Black "Shkapenko, Pavel"]
[Result "1-0"]
[WhiteTitle "GM"]
[BlackTitle "IM"]
[WhiteElo "2593"]
[BlackElo "2420"]

1. d4 Nf6 2. c4 e6 3. Nc3 Bb4 4. e3 c5 5. Nge2 cxd4 6. exd4 O-O 7. a3 Be7 8. Nf4
d6 9. Be2 e5 10. Nfd5 Nxd5 11. Nxd5 Nc6 12. dxe5 dxe5 13. O-O Bg5 14. Be3 Be6
15. Kh1 Bxe3 16. fxe3 Rc8 17. b4 Qg5 18. Qb3 Bxd5 19. cxd5 Ne7 20. e4 Qd2 21.
Bg4 Rc2 22. Qg3 Ng6 23. Rad1 Qg5 24. Bh3 Qd8 25. Qb3 Re2 26. Qd3 Ra2 27. g3 a5
28. d6 axb4 29. axb4 Ra6 30. b5 Ra8 31. Qd5 Qg5 32. d7 Qh5 33. Bf5 Rfd8 34. Bxg6
Qxg6 35. Qxe5 Qg4 36. Qd5 Qe6 37. Qxe6 fxe6 38. Rd6 b6 39. e5 Ra7 40. Rxb6 Raxd7
41. Rxe6 Rd2 42. Rd6 R8xd6 43. exd6 Rxd6 44. Kg2 g6 45. Rb1 Rb6 46. Kf3 Kf7 47.
Ke4 Ke6 48. Kd4 Kd6 49. Kc4 Rb7 50. Rd1+ Kc7 51. Kc5 Kc8 52. Rf1 Rc7+ 53. Kb6
Re7 54. Ka6 Re8 55. Rf7 h5 56. b6 Kb8 57. Rg7 1-0

[Event "DRUZYNOWE MISTRZOSTWA POLSKI 2014 - SYGNITY EKSTRALIGA"]
[Site "Gorzow Wlkp, Wroclaw, Katowice"]
[Date "2014-00-00"]
[Round "3.29"]
[White "Bartel, Michal"]
[Black "Sadzikowski, Daniel"]
[Result "1/2-1/2"]
[WhiteTitle "FM"]
[BlackTitle "IM"]
[WhiteElo "2325"]
[BlackElo "2496"]

1. e4 c5 2. Nf3 d6 3. Bb5+ Nc6 4. O-O Bd7 5. Re1 Nf6 6. c3 a6 7. Bf1 Bg4 8. d3
g6 9. Nbd2 Bg7 10. h3 Bxf3 11. Nxf3 O-O 12. d4 cxd4 13. Nxd4 Qb6 14. b3 Nd7 15.
Be3 Qa5 16. b4 Qc7 17. Rc1 Nb6 18. Qb3 Rfc8 19. Nxc6 Qxc6 20. c4 Nd7 21. c5 dxc5
22. Bxc5 Nxc5 23. Rxc5 Qb6 24. Rxc8+ Rxc8 25. e5 e6 26. a3 Qd4 27. Qe3 Qb2 28.
Re2 Qc3 29. g3 Qxe3 30. Rxe3 Rc1 31. Kg2 Ra1 32. Be2 Bf8 33. Bf3 b6 34. Bc6 Rc1
35. Be8 Rc8 36. Bd7 Rc7 37. Rd3 a5 38. bxa5 bxa5 39. f4 h6 40. h4 g5 41. hxg5
hxg5 42. Kf3 gxf4 43. gxf4 Rc1 44. Kg4 Rg1+ 45. Kh3 Kg7 46. a4 Rf1 47. Kg4 Kg6
48. Rf3 Rg1+ 49. Rg3 Rxg3+ 50. Kxg3 Kf5 51. Be8 Bh6 1/2-1/2

[Event "DRUZYNOWE MISTRZOSTWA POLSKI 2014 - SYGNITY EKSTRALIGA"]
[Site "Gorzow Wlkp, Wroclaw, Katowice"]
[Date "2014-00-00"]
[Round "3.30"]
[White "Zawadzka, Jolanta"]
[Black "Gasik, Anna"]
[Result "1/2-1/2"]
[WhiteTitle "WGM"]
[BlackTitle "WIM"]
[WhiteElo "2414"]
[BlackElo "2233"]

1. e4 c5 2. Nf3 e6 3. d4 cxd4 4. Nxd4 a6 5. Bd3 Bc5 6. Nb3 Be7 7. Qg4 g6 8. Qe2
d6 9. O-O Nd7 10. Na3 b6 11. Nc4 Bb7 12. a4 Ngf6 13. Bh6 d5 14. exd5 Nxd5 15.
Rfe1 Qc7 16. Be4 Rc8 17. Nbd2 Bf8 18. Bxf8 Kxf8 19. Ne3 N7f6 20. Nxd5 Bxd5 21.
Bd3 a5 22. Ra3 Kg7 23. Qe3 Qc5 24. Qf4 Nh5 25. Qh4 Qb4 26. Qxb4 axb4 27. Raa1
Nf4 28. Be4 Rhd8 29. Nf1 Rc4 30. Nd2 Rc7 31. g3 Nh3+ 32. Kf1 Bxe4 33. Nxe4 f5
34. Kg2 fxe4 35. Kxh3 Rxc2 36. Rxe4 Rxb2 37. Rxe6 Rb8 38. f4 b3 39. Re4 Ra2 40.
Rb1 b2 41. Rb4 Ra8 42. R1xb2 Rxb2 43. Rxb2 Rxa4 44. Rxb6 h5 45. Kh4 Kh6 46. Rf6
Rb4 47. h3 Ra4 48. g4 hxg4 49. hxg4 Kg7 50. g5 Rb4 51. Kg4 Rb3 52. Ra6 Rc3 53.
Ra7+ Kg8 54. Ra4 Kg7 55. Ra2 Rb3 56. Rf2 Ra3 57. Rf3 Ra4 58. Rd3 Rb4 59. Kf3 Kf7
60. Ke3 Ke6 61. Rd8 Rb3+ 62. Ke4 Rb4+ 63. Rd4 Rb1 64. Rc4 Re1+ 65. Kf3 Kf7 66.
Rc7+ Kg8 67. Rd7 Kf8 68. Rd3 Kf7 69. Re3 Ra1 70. Rc3 Re1 71. Rc4 Re7 72. Re4 Ra7
73. Ke3 Ra3+ 74. Kd4 Ra4+ 75. Kd5 Ra5+ 76. Kd6 Ra6+ 77. Kc7 Ra7+ 78. Kb6 Ra1 79.
Rc4 Rb1+ 80. Kc7 Rd1 81. Kc8 Kf8 82. Rc6 Rd4 83. Rf6+ Kg7 84. Kc7 Ra4 85. Kd7
Ra7+ 86. Ke8 Ra8+ 87. Ke7 Ra7+ 88. Ke8 1/2-1/2

[Event "DRUZYNOWE MISTRZOSTWA POLSKI 2014 - SYGNITY EKSTRALIGA"]
[Site "Gorzow Wlkp, Wroclaw, Katowice"]
[Date "2014-00-00"]
[Round "4.1"]
[White "Kempinski, Robert"]
[Black "Swiercz, Dariusz"]
[Result "1/2-1/2"]
[WhiteTitle "GM"]
[BlackTitle "GM"]
[WhiteElo "2620"]
[BlackElo "2614"]

1. d4 Nf6 2. Nf3 g6 3. c4 Bg7 4. g3 c5 5. d5 O-O 6. Nc3 e6 7. Bg2 exd5 8. cxd5
d6 9. Nd2 Nbd7 10. O-O Re8 11. a4 a6 12. h3 Rb8 13. a5 b5 14. axb6 Nxb6 15. Ra2
Bd7 16. Re1 Bb5 17. b3 Nfd7 18. Nde4 Qc7 19. Bf4 Ne5 20. Qd2 Nbd7 21. Bh6 f6 22.
Rea1 Bxh6 23. Qxh6 Nf7 24. Qc1 f5 25. Nd2 Bxe2 26. Nxe2 Rxe2 27. Rxa6 Rbe8 28.
Qc3 Re1+ 29. Rxe1 Rxe1+ 30. Kh2 Re8 31. Qa1 Qd8 32. Nc4 Nde5 33. Na5 Qf6 34. Qa4
Rf8 35. Nc6 g5 36. f4 gxf4 37. Qxf4 Ng6 38. Qe3 f4 39. gxf4 Nxf4 40. Ra4 Nxg2
41. Rg4+ Kh8 42. Rxg2 Nh6 43. Qe7 Nf5 44. Qxf6+ Rxf6 45. Re2 Kg7 46. b4 cxb4 47.
Nxb4 Kg6 48. Nd3 Nh4 49. Re4 Nf3+ 50. Kg2 Ng5 1/2-1/2

[Event "DRUZYNOWE MISTRZOSTWA POLSKI 2014 - SYGNITY EKSTRALIGA"]
[Site "Gorzow Wlkp, Wroclaw, Katowice"]
[Date "2014-00-00"]
[Round "4.2"]
[White "Bartel, Mateusz"]
[Black "Markowski, Tomasz"]
[Result "1-0"]
[WhiteTitle "GM"]
[BlackTitle "GM"]
[WhiteElo "2652"]
[BlackElo "2575"]

1. e4 c5 2. Nf3 e6 3. d4 cxd4 4. Nxd4 a6 5. Nc3 Qc7 6. Bd3 Nf6 7. f4 d6 8. Be3
b5 9. Qf3 Bb7 10. g4 Nc6 11. g5 Nd7 12. a3 g6 13. Nxc6 Bxc6 14. Bd4 e5 15. fxe5
Nxe5 16. Bxe5 dxe5 17. Qf6 Rg8 18. Rf1 Bg7 19. Qf2 Qa7 20. Qg3 O-O-O 21. O-O-O
Kb8 22. Kb1 Rd7 23. Qh3 Rh8 24. Be2 Rxd1+ 25. Rxd1 h6 26. gxh6 Bxh6 27. Nd5 Bg7
28. Qc3 Rc8 29. Qa5 Qf2 30. Nc3 Qa7 31. Bg4 Rc7 32. a4 Bf6 33. Nd5 Bxd5 34. Rxd5
bxa4 35. Qxa4 Qg1+ 36. Bd1 Qb6 37. Be2 Qc6 38. Qb4+ Ka7 39. Rd6 Qxc2+ 40. Ka2
Rb7 41. Rxa6+ Kb8 42. Qf8+ 1-0

[Event "DRUZYNOWE MISTRZOSTWA POLSKI 2014 - SYGNITY EKSTRALIGA"]
[Site "Gorzow Wlkp, Wroclaw, Katowice"]
[Date "2014-00-00"]
[Round "4.3"]
[White "Olszewski, Michal"]
[Black "Mastrovasilis, Dimitrios"]
[Result "0-1"]
[WhiteTitle "GM"]
[BlackTitle "GM"]
[WhiteElo "2549"]
[BlackElo "2605"]

1. Nf3 d5 2. c4 c6 3. e3 Nf6 4. Nc3 a6 5. b3 Bf5 6. Be2 h6 7. O-O Nbd7 8. Ba3 e6
9. Bxf8 Nxf8 10. d4 N8d7 11. c5 Ne4 12. Nxe4 Bxe4 13. Nd2 Bg6 14. b4 O-O 15. a4
e5 16. Nb3 exd4 17. exd4 Re8 18. Qd2 Qc7 19. Rfe1 Nf8 20. Bg4 Nh7 21. Be2 Ng5
22. Bf1 Be4 23. h4 Ne6 24. g3 f5 25. Bg2 Re7 26. Re2 Rf8 27. Rae1 g5 28. hxg5
hxg5 29. f3 Qxg3 30. fxe4 fxe4 31. Re3 Rf3 32. Rxf3 exf3 33. Qf2 Qxf2+ 34. Kxf2
fxg2 35. Re5 Kf7 36. Kxg2 Nf4+ 37. Kf3 Rxe5 38. dxe5 Nd3 39. Kg4 Ke6 40. Kxg5
Kxe5 41. Na5 Nxb4 42. Nxb7 d4 43. Kg4 0-1

[Event "DRUZYNOWE MISTRZOSTWA POLSKI 2014 - SYGNITY EKSTRALIGA"]
[Site "Gorzow Wlkp, Wroclaw, Katowice"]
[Date "2014-00-00"]
[Round "4.4"]
[White "Moranda, Wojciech"]
[Black "Szelag, Marcin"]
[Result "1-0"]
[WhiteTitle "GM"]
[BlackTitle "IM"]
[WhiteElo "2593"]
[BlackElo "2456"]

1. Nf3 Nf6 2. g3 g6 3. Bg2 Bg7 4. O-O d5 5. c4 dxc4 6. Qa4+ c6 7. Qxc4 O-O 8. d4
Be6 9. Qa4 Na6 10. Nc3 Qb6 11. e4 Nb4 12. d5 Bd7 13. Be3 c5 14. Qd1 Ng4 15. Bg5
f6 16. Bc1 f5 17. h3 fxe4 18. Nxe4 Bf5 19. Nfg5 Nf6 20. Be3 Rac8 21. Qb3 Kh8 22.
Nxf6 Bxf6 23. Ne4 Bd4 24. Rad1 e5 25. a3 Bxe4 26. Bxe4 Na6 27. Qxb6 axb6 28. d6
Rcd8 29. Bxb7 Nb8 30. Bg5 Rxd6 31. Be7 Bxf2+ 32. Kg2 Rxd1 33. Rxd1 Rf7 34. Rd8+
Kg7 35. Rxb8 Bd4 36. Bd6 Rf2+ 37. Kh1 Rf1+ 38. Kh2 Rf2+ 39. Bg2 Rxb2 40. Re8 Kf6
41. h4 Rd2 42. Kh3 Bb2 43. Bc7 b5 44. Rb8 Bxa3 45. Rxb5 Rd7 46. Rb6+ Kf5 47. g4+
Kf4 48. Rf6+ Ke3 49. Bxe5 Bb4 50. Re6 Kd3 51. Bc6 Ra7 52. Bb5+ Kc2 53. Bf4 Rf7
54. Re4 Bc3 55. Bc4 Rd7 56. Re2+ Kb1 57. Ba2+ Ka1 58. Bg8 Rg7 59. Be6 Ra7 60.
Kg2 Kb1 61. Kf3 Bd4 62. Ke4 Ra3 63. Bg8 Ra7 64. Kd5 Rg7 65. Be6 Rb7 66. Be5 1-0

[Event "DRUZYNOWE MISTRZOSTWA POLSKI 2014 - SYGNITY EKSTRALIGA"]
[Site "Gorzow Wlkp, Wroclaw, Katowice"]
[Date "2014-00-00"]
[Round "4.5"]
[White "Tomczak, Jacek"]
[Black "Sadzikowski, Daniel"]
[Result "1-0"]
[WhiteTitle "GM"]
[BlackTitle "IM"]
[WhiteElo "2560"]
[BlackElo "2496"]

1. e4 c5 2. Nf3 d6 3. d4 cxd4 4. Nxd4 Nf6 5. Nc3 a6 6. Bc4 e6 7. Bb3 Nbd7 8. O-O
Nc5 9. Re1 Be7 10. Bg5 O-O 11. f4 h6 12. Bh4 Bd7 13. Bf2 Qc7 14. e5 dxe5 15. fxe5
Nh7 16. Ne4 Nxb3 17. axb3 Bc6 18. Ng3 Bc5 19. c3 Rae8 20. Qh5 Bb6 21. Rf1 f5 22.
exf6 Nxf6 23. Qg6 Re7 24. Kh1 Be8 25. Qc2 Ng4 26. Bg1 Rxf1 27. Rxf1 Bxd4 28. Bxd4
e5 29. Bg1 Rf7 30. Qg6 Rxf1 31. Qxe8+ Rf8 32. Qe6+ Kh8 33. Qxg4 Qf7 34. b4 Qb3
35. Qe2 Qd5 36. c4 Qe6 37. h3 Rc8 38. b3 b5 39. cxb5 axb5 40. Qxb5 Qxb3 41. Qxe5
Qxb4 42. Nf5 Qc3 43. Qxc3 Rxc3 44. Nxh6 1-0

[Event "DRUZYNOWE MISTRZOSTWA POLSKI 2014 - SYGNITY EKSTRALIGA"]
[Site "Gorzow Wlkp, Wroclaw, Katowice"]
[Date "2014-00-00"]
[Round "4.6"]
[White "Zawadzka, Jolanta"]
[Black "Chlost, Marlena"]
[Result "1-0"]
[WhiteTitle "WGM"]
[BlackTitle "WFM"]
[WhiteElo "2414"]
[BlackElo "2188"]

1. e4 c5 2. Nf3 d6 3. Bb5+ Nd7 4. d4 cxd4 5. Qxd4 e5 6. Qd3 Be7 7. c4 Ngf6 8. Bg5
O-O 9. Bxd7 Nxd7 10. Bxe7 Qxe7 11. Nc3 Nc5 12. Qe3 Be6 13. b3 f5 14. exf5 Rxf5
15. O-O Raf8 16. Nd2 Rh5 17. Rfd1 Rf4 18. Nf1 Rhf5 19. Rd2 Bf7 20. Ng3 Rf6 21.
Rad1 b6 22. Nb5 h5 23. Nxd6 h4 24. Nge4 Bh5 25. Nxf6+ gxf6 26. Nc8 Qc7 27. Rd8+
Kg7 28. f3 Bf7 29. Nd6 Be6 30. Ne8+ 1-0

[Event "DRUZYNOWE MISTRZOSTWA POLSKI 2014 - SYGNITY EKSTRALIGA"]
[Site "Gorzow Wlkp, Wroclaw, Katowice"]
[Date "2014-00-00"]
[Round "4.7"]
[White "Pakleza, Zbigniew"]
[Black "Leniart, Arkadiusz"]
[Result "1/2-1/2"]
[WhiteTitle "IM"]
[BlackTitle "IM"]
[WhiteElo "2509"]
[BlackElo "2481"]

1. d4 Nf6 2. Bf4 g6 3. e3 Bg7 4. Nf3 d6 5. h3 O-O 6. c3 c5 7. dxc5 dxc5 8. Qxd8
Rxd8 9. Nbd2 Bf5 10. g4 Bd3 11. Bxd3 Rxd3 12. Ke2 Rd8 13. a4 Nc6 14. Nc4 Ne4 15.
Rhd1 Kf8 16. Nfd2 Nxd2 17. Rxd2 Rxd2+ 18. Kxd2 b6 19. Kc2 Rd8 20. e4 Ke8 21. Be3
Ne5 22. Na3 Nc6 23. f4 f5 24. exf5 gxf5 25. Nc4 Kf7 26. Bd2 e6 27. Ne3 Ne7 28.
Re1 a6 29. Ra1 Nd5 30. gxf5 Nxf4 31. Nc4 Nd5 32. Bg5 Bf6 33. fxe6+ Kxe6 34. Re1+
Kf5 35. Bd2 b5 36. Na3 Rb8 37. Rf1+ Ke6 38. Re1+ Kf5 39. Rf1+ Ke6 40. Re1+ Kf5
1/2-1/2

[Event "DRUZYNOWE MISTRZOSTWA POLSKI 2014 - SYGNITY EKSTRALIGA"]
[Site "Gorzow Wlkp, Wroclaw, Katowice"]
[Date "2014-00-00"]
[Round "4.8"]
[White "Kuzmicz, Krystian"]
[Black "Weichhold, Pawel"]
[Result "1/2-1/2"]
[WhiteTitle "IM"]
[BlackTitle "m"]
[WhiteElo "2457"]
[BlackElo "2394"]

1. g3 g6 2. Bg2 Bg7 3. e4 c5 4. Ne2 Nc6 5. c3 e5 6. d3 Nge7 7. Be3 d6 8. O-O O-O
9. f4 Be6 10. Nd2 Rc8 11. Nf3 b6 12. d4 cxd4 13. cxd4 Nb4 14. Nc3 exf4 15. gxf4
Bc4 16. Rf2 Bh6 17. Bf1 Bxf1 18. Qxf1 d5 19. e5 Nf5 20. Re1 Nxe3 21. Rxe3 Bxf4
22. Re1 Qd7 23. Rg2 Bh6 24. Nh4 Bg7 25. Qf3 Nc6 26. Qd3 Nd8 27. Kh1 Ne6 28. Rg4
Kh8 29. Reg1 Rcd8 30. Qg3 b5 31. Nf5 b4 32. Ne2 Rc8 33. Rh4 gxf5 34. Qh3 f6 35.
Qxf5 h6 36. Nf4 fxe5 37. Qxe6 Qxe6 38. Nxe6 Rf7 39. Rhg4 Bf6 40. Rg6 Kh7 41. dxe5
Bxe5 42. R6g4 Rc4 43. b3 Rxg4 44. Rxg4 a5 45. Kg2 Bg7 46. Rg3 Re7 47. Re3 Rd7
48. Rd3 Rd6 49. Nf4 d4 50. Kf3 Rc6 51. Rd2 Kg8 1/2-1/2